Countries of Oceania in Their Native Language - Statistics

General Stats
  • This quiz has been taken 56 times
  • The average score is 13 of 13
Answer Stats
Oceanian Language English % Correct
Australia Australia
100%
Naoero Nauru
100%
Papua Niugini Papua New Guinea
100%
Sāmoa Samoa
100%
Solomon Aelan Solomon Islands
100%
Tuvalu Tuvalu
100%
Vanuatu Vanuatu
100%
Kiribati Kiribati
98%
Federated States of Micronesia Federated States of Micronesia
96%
Viti Fiji
94%
Aotearoa New Zealand
94%
Belau Palau
92%
Aorōkin Majel Marshall Islands
91%
No matching quizzes found
Score Distribution
Percent of People with Each Score
Percentile by Number Answered
Your Score History
You have not taken this quiz